| 000 | 00580nam a2200205 a 4500 | ||
|---|---|---|---|
| 001 | 676354 | ||
| 005 | 20250114154457.0 | ||
| 008 | 950209s1994 enka b 001 0 eng d | ||
| 020 | _a0273601911 | ||
| 050 | 0 | 0 |
_aJF1351 _b.L39 1994 |
| 082 | 0 | 0 |
_a350/.000941 _220 |
| 100 | 1 | _aLawton, Alan. | |
| 245 | 1 | 0 |
_aOrganisation and management in the public sector / _cAlan Lawton, Aidan G. Rose. |
| 250 | _a2nd ed. | ||
| 260 |
_aLondon : _bPitman, _c1994. |
||
| 300 |
_axiii, 256 p. : _bill. ; _c24 cm. |
||
| 650 | 0 | _aPublic administration. | |
| 700 | 1 | _aRose, Aidan. | |
| 942 |
_2lcc _cBK _n0 |
||
| 999 |
_c2522 _d2522 |
||